Η συμμετοχή των Ελλήνων στην εθνεγερσία του 1821: επαναστάτες από διάφορες περιοχές του ευρύτερου ελλαδικού χώρου

Αποθηκεύτηκε σε:
Λεπτομέρειες βιβλιογραφικής εγγραφής
Άλλοι συγγραφείς: Καραμήτσος, Δημήτριος Θ., 1941- (Επιμελητής έκδοσης)
Μορφή: Βιβλίο
Γλώσσα:Greek
Δημοσίευση: [Θεσσαλονίκη] : International Hellenic Association, 2022.
Θέματα:
Ετικέτες: Προσθήκη ετικέτας
Δεν υπάρχουν, Καταχωρήστε ετικέτα πρώτοι!

MARC

LEADER 00000cam a2200000 a 4500
001 1/125214
008 220713s2022####gr | ||| |||| ||gre||
020 |a 9786180038934 
040 |a GR-MyUa  |b gre  |c GR-MyUa  |e AACR2 
041 0 |a gre 
082 7 |a 949.506   |2 (23)  
245 0 2 |a Η συμμετοχή των Ελλήνων στην εθνεγερσία του 1821:   |b επαναστάτες από διάφορες περιοχές του ευρύτερου ελλαδικού χώρου /   |c επιμελητής έκδοσης : Δημ. Θ. Καραμήτσος.  
260 |a [Θεσσαλονίκη] :   |b International Hellenic Association,   |c 2022.  
300 |a 448 σ. :   |b εγχρ. εικ., πίν., χαρτ. ;   |c 22 εκ.  
504 |a Περιέχει βιβλιογραφικές παραπομπές.  
650 0 |a Heroes  |z Greece. 
651 0 |a Greece  |x History  |y Revolution, 1821. 
700 1 |a Καραμήτσος, Δημήτριος Θ.,   |d 1941-  |e edt 
970 |a Σιδερή   |b Νεκταρία   |z 2022/07/13